000 00683cam a22002413a 4500
001 19073
003 PGUSA
005 20140828083414.0
008 060818s2006||||xxu|||||s|||||000 | eng d
040 _aPGUSA
_beng
042 _adc
050 4 _aSB
100 1 _aKnapp, Arthur William
245 1 0 _aCocoa and Chocolate :
_bTheir History from Plantation to Consumer
_h[electronic resource] /
_cArthur William Knapp
260 _bProject Gutenberg,
_c2006
506 _aPublic domain in the USA.
516 _aElectronic text
653 _aChocolate
653 _aCocoa
830 0 _aProject Gutenberg
_v19073
856 4 0 _uhttp://www.gutenberg.org/ebooks/19073
942 _cEB
999 _c248328
_d248328